Os pilares da Terra (Record no. 2020)

MARC details
000 -Etiqueta do registo
Valores 00804nam a2200277 4500
010 ## - Número ISBN
ISBN 9789722369886
021 ## - Número do Depósito Legal
Código do país Portugal
Número 503804/22
100 ## - Dados gerais de processamento
Dados gerais 20251215d2022 m||y0pory50030103ba
101 ## - Língua de publicação
Língua Português
102 ## - País de publicação
País Portugal
200 ## - Titulo e menção de responsabilidade
Título próprio Os pilares da Terra
Primeira menção de responsabilidade Ken Follett
Outras menções de responsabilidade trad. Alice Rocha
205 ## - Menção da edição
Edição 1ª edição especial e limitada
210 ## - Publicação
Local de publicação Lisboa
Nome do editor Presença
Data de publicação 2022
215 ## - Descrição física 
Paginação / Volumes 973 p.
Outras indicações físicas il.
Dimensões 23 cm
225 ## - Colecção 
Título próprio da colecção Grandes narrativas
Indicação de volume 797
300 ## - Notas gerais 
Texto da nota BMB-Registado
304 ## - Nota relativa ao título
Texto de nota Tít. orig.: The pillars of the Earth
606 ## - Nome comum usado como assunto
ID Autoridade 824
Palavra de ordem Literatura Inglesa
606 ## - Nome comum usado como assunto
ID Autoridade 953
Palavra de ordem Romance Histórico
675 ## - CDU
Notação 821.111-311.6
Edição BMB
Língua por
700 ## - Autor principal (pessoa individual)
Apelido Follett
Nome Ken
Datas 1949-
ID Autoridade 2862
702 ## - Autor secundário (pessoa individual)
Apelido Rocha
Nome Fátima Alice Caldeira
Função Tradutor
ID Autoridade 2892
801 ## - Fonte de origem
País PT
Agência BMB
Regras de catalogação RPC
990 ## - Elementos KOHA
Tipo de documento Livro
Holdings
Situação do levantamento Estado Número Biblioteca de origem Código de barras Cota Permissão de empréstimo Tipo de documento Forma de aquisição
    1 Biblioteca Municipal de Borba 1970 821.111-311.6 FOL / PIL   Livro Compra
Biblioteca Municipal de Borba

Powered by Koha